Guess the Caliber Quiz! - Statistics

General Stats
  • This quiz has been taken 204 times
  • The average score is 7 of 16
Answer Stats
Picture Hint Answer % Correct
Glock 19 9x19 / 9mm
97%
M16A1 / M16 5.56 / 5.56x25
77%
AKM 7.62x39 / 7.62
77%
Saiga 12 12x70 / 12 Gauge
58%
Desert Eagle .357 Magnum / .50 AE
55%
M1928 Thompson .45 ACP
54%
FN57 5.7x28 mm / 5.7
50%
SVD 7.62x54
34%
Makarov PM 9x18 / 9x18 Makarov
34%
Solothurn Anti-Tank Rifle 20mm
31%
M4 Sherman Tank 75mm
23%
4 BORE 4 BORE
21%
MP7 4.6x30
18%
Sturmgwehr / STG44 7.92x33
16%
MP40 .40mm
8%
Holland & Holland DA Rifle .700 Nitro
3%
No matching quizzes found
Score Distribution
Percent of People with Each Score
Percentile by Number Answered
Your Score History
You have not taken this quiz